[Event "Online Olym Div2 D 2021"]
[Site "chess.com INT"]
[Date "2021.09.04"]
[Round "9.2"]
[Board "5"]
[White "Coro, Lucas"]
[Black "Escalona Landi, Samid Eduardo"]
[Result "1-0"]
[WhiteTitle "IM"]
[BlackTitle "CM"]
[WhiteElo "2352"]
[BlackElo "2122"]
[WhiteTeam "Argentina"]
[BlackTeam "Venezuela"]
[WhiteFideId "147222"]
[BlackFideId "3937437"]
[EventDate "2021.09.02"]
[EventType "team"]

1. e4 g6 2. d4 Bg7 3. Nc3 d6 4. Be3 a6 5. h4 h5 6. Qd2 b5 7. f3 Nd7 8. Nh3 c5 9.
O-O-O cxd4 10. Bxd4 Bxd4 11. Qxd4 Ngf6 12. Kb1 Bb7 13. Ng5 Rc8 14. a4 bxa4 15.
Nxa4 Qc7 16. Bd3 Bc6 17. Bc4 d5 18. Bb3 O-O 19. exd5 Bxd5 20. c4 Rb8 21. Ba2 Rb4
22. Qd2 Be4+ 23. Nxe4 Rxa4 24. Nc3 Ra5 25. g4 hxg4 26. fxg4 Ne5 27. g5 Rxa2 28.
Nxa2 Nxc4 29. Qh2 Qxh2 30. Rxh2 Ng4 31. Re2 f5 32. Rxe7 Rb8 33. Rdd7 Nge5 34.
Rc7 f4 35. Nc3 f3 36. Ne4 Rxb2+ 37. Ka1 1-0

[Event "Online Olym Div2 D 2021"]
[Site "chess.com INT"]
[Date "2021.09.04"]
[Round "9.2"]
[Board "6"]
[White "Matute Escobar, Roxanny"]
[Black "Bank, Valeria"]
[Result "1-0"]
[WhiteTitle "WFM"]
[WhiteElo "1899"]
[BlackElo "1839"]
[WhiteTeam "Venezuela"]
[BlackTeam "Argentina"]
[WhiteFideId "3926028"]
[BlackFideId "142603"]
[EventDate "2021.09.02"]
[EventType "team"]

1. e4 c5 2. Nf3 Nc6 3. d4 cxd4 4. Nxd4 g6 5. Nc3 Bg7 6. Be3 Nf6 7. Bc4 O-O 8.
Bb3 d6 9. f3 Qa5 10. Qd2 a6 11. O-O-O Bd7 12. Kb1 Qc7 13. h4 h5 14. g4 b5 15.
gxh5 Nxh5 16. Nd5 Qd8 17. Nxc6 Bxc6 18. Bh6 a5 19. Bxg7 Kxg7 20. Nf4 Nxf4 21.
Qxf4 a4 22. Bd5 Bxd5 23. Rxd5 Qb6 24. Qg5 e6 25. Rxb5 Qf2 26. h5 Qxf3 27. Rg1
Qxe4 28. h6+ Kh7 29. Qf6 Kxh6 30. Rh5+ Kxh5 31. Qg5# 1-0

[Event "Online Olym Div2 D 2021"]
[Site "chess.com INT"]
[Date "2021.09.04"]
[Round "9.3"]
[Board "1"]
[White "Ouaret, Abdelouhab"]
[Black "Silva, David"]
[Result "1-0"]
[WhiteTitle "IM"]
[BlackTitle "IM"]
[WhiteElo "2085"]
[BlackElo "2312"]
[WhiteTeam "Algeria"]
[BlackTeam "Angola"]
[WhiteFideId "7903944"]
[BlackFideId "10101314"]
[EventDate "2021.09.02"]
[EventType "team"]

1. Nf3 Nf6 2. c4 g6 3. g3 Bg7 4. Bg2 O-O 5. O-O d6 6. d4 c6 7. Nc3 Qa5 8. Re1
Qh5 9. Qd3 e5 10. dxe5 dxe5 11. Qe3 Re8 12. Qg5 e4 13. Nd4 Qxg5 14. Bxg5 Ng4 15.
Rad1 f5 16. h3 Ne5 17. b3 Na6 18. Na4 Nf7 19. Bc1 Rd8 20. Bb2 Bd7 21. Nc2 b5 22.
Bxg7 Kxg7 23. Nb2 Kf6 24. f3 exf3 25. exf3 Rac8 26. f4 Nc5 27. Nd4 h5 28. Kh2 h4
29. gxh4 Ne4 30. Bxe4 fxe4 31. Rxe4 Nd6 32. Ree1 bxc4 33. Nxc4 Nxc4 34. bxc4 Rb8
35. Nb3 Be6 36. c5 Rxd1 37. Rxd1 Bd5 38. Kg3 Rb5 39. Rd3 a5 40. Rc3 a4 41. Nd4
Rb1 42. a3 Rg1+ 43. Kf2 Ra1 44. h5 gxh5 45. Kg3 Bb3 46. Nxc6 Rxa3 47. Nd4 Ra1
48. c6 Rg1+ 49. Kh4 Rg8 50. Nxb3 axb3 51. Rxb3 Rc8 52. Rc3 Kf5 53. c7 Kxf4 54.
Kxh5 Kf5 55. Kh6 Kf6 56. Rc6+ Ke7 57. Kg7 Kd7 58. Rc1 1-0

[Event "Online Olym Div2 D 2021"]
[Site "chess.com INT"]
[Date "2021.09.04"]
[Round "9.3"]
[Board "2"]
[White "Miguel, Sergio"]
[Black "Achour, Mohamed Anis"]
[Result "0-1"]
[WhiteTitle "FM"]
[WhiteElo "2297"]
[BlackElo "2006"]
[WhiteTeam "Angola"]
[BlackTeam "Algeria"]
[WhiteFideId "10100792"]
[BlackFideId "7904649"]
[EventDate "2021.09.02"]
[EventType "team"]

1. e4 c6 2. d4 d5 3. Nc3 dxe4 4. Nxe4 Nf6 5. Nxf6+ exf6 6. Nf3 Bd6 7. Bd3 O-O 8.
O-O Bg4 9. h3 Bh5 10. Bf5 Nd7 11. Qd3 Bg6 12. Bd2 Qc7 13. Rfe1 Rfe8 14. Rxe8+
Rxe8 15. Re1 Rxe1+ 16. Bxe1 Nf8 17. Bd2 Ne6 18. b3 Qe7 19. Qe4 Nxd4 20. Qxd4
Bxf5 21. Qxa7 h6 22. c4 Qe2 23. Qe3 Qd1+ 24. Qe1 Qc2 25. Nd4 Qe4 26. Qxe4 Bxe4
27. b4 c5 28. Nb5 Be7 29. bxc5 Bxc5 30. Be3 Bxe3 31. fxe3 Bd3 32. Nd6 b6 33. a4
Bc2 34. Nc8 Bxa4 35. Nxb6 Bc6 36. Kf2 Kf8 37. g3 Ke7 38. Ke2 Kd6 39. h4 Kc5 40.
Nc8 Bd7 41. Ne7 Kxc4 42. Kf3 Kc5 43. e4 Be6 44. Kf4 Kd6 45. Ng8 h5 46. Ke3 Kd7
47. Kf4 Ke8 0-1

[Event "Online Olym Div2 D 2021"]
[Site "chess.com INT"]
[Date "2021.09.04"]
[Round "9.3"]
[Board "3"]
[White "Nassr, Lina"]
[Black "Caxita, Esperanca"]
[Result "1-0"]
[WhiteTitle "WIM"]
[BlackTitle "WIM"]
[WhiteElo "1970"]
[BlackElo "1865"]
[WhiteTeam "Algeria"]
[BlackTeam "Angola"]
[WhiteFideId "7908075"]
[BlackFideId "10100903"]
[EventDate "2021.09.02"]
[EventType "team"]

1. d4 d5 2. Nf3 Nf6 3. e3 Bf5 4. c4 c6 5. Nc3 e6 6. Be2 Bd6 7. O-O O-O 8. b3
Nbd7 9. Bb2 Ne4 10. Bd3 Ndf6 11. Qc2 Bg6 12. Ne2 Nd7 13. Nf4 Bf5 14. Ne5 Bxe5
15. dxe5 Ndc5 16. Bxe4 Nxe4 17. g4 Qg5 18. f3 Nc5 19. Qc3 Nd7 20. h4 Qxh4 21.
gxf5 g5 22. Ng2 Qg3 23. f6 h5 24. Qe1 Qh3 25. Qf2 h4 26. f4 gxf4 27. Qxf4 Qg3
28. Qxh4 Qxh4 29. Nxh4 Kh7 30. Kf2 Rg8 31. Rh1 Nc5 32. Nf5+ Kg6 33. Ne7+ 1-0

[Event "Online Olym Div2 D 2021"]
[Site "chess.com INT"]
[Date "2021.09.04"]
[Round "9.3"]
[Board "4"]
[White "Pires, Luzia"]
[Black "Belattar, Ines"]
[Result "0-1"]
[WhiteTitle "WFM"]
[WhiteElo "1768"]
[BlackElo "1626"]
[WhiteTeam "Angola"]
[BlackTeam "Algeria"]
[WhiteFideId "10101012"]
[BlackFideId "7910282"]
[EventDate "2021.09.02"]
[EventType "team"]

1. Nf3 d5 2. d4 Nf6 3. g3 g6 4. Bg2 Bg7 5. O-O O-O 6. b3 c5 7. Bb2 cxd4 8. Nxd4
e5 9. Nf3 e4 10. Nd4 Nc6 11. e3 Qd7 12. Nd2 Qe7 13. a3 Bg4 14. Qb1 Qd7 15. c4
Bh3 16. cxd5 Bxg2 17. Kxg2 Qxd5 18. Rd1 Rfd8 19. Ne2 Qh5 20. Nc3 Ng4 21. h3
Nxe3+ 22. fxe3 Bxc3 23. Bxc3 Qe2+ 24. Kh1 Qxe3 25. Qc2 Rd3 26. Bb2 Qxg3 0-1

[Event "Online Olym Div2 D 2021"]
[Site "chess.com INT"]
[Date "2021.09.04"]
[Round "9.3"]
[Board "5"]
[White "Brahami, Lamine"]
[Black "Junior, Domingos"]
[Result "1/2-1/2"]
[WhiteTitle "FM"]
[BlackTitle "FM"]
[WhiteElo "2194"]
[BlackElo "2118"]
[WhiteTeam "Algeria"]
[BlackTeam "Angola"]
[WhiteFideId "7905637"]
[BlackFideId "10105972"]
[EventDate "2021.09.02"]
[EventType "team"]

1. d4 Nf6 2. c4 e5 3. dxe5 Ng4 4. Nf3 Bc5 5. e3 Nc6 6. Nc3 Ngxe5 7. Be2 d6 8.
O-O O-O 9. a3 a5 10. b3 Be6 11. Bb2 f5 12. Nd4 Bd7 13. Nd5 Ne7 14. Nf4 Qc8 15.
Bc3 N7g6 16. b4 Bb6 17. Nd5 1/2-1/2

[Event "Online Olym Div2 D 2021"]
[Site "chess.com INT"]
[Date "2021.09.04"]
[Round "9.3"]
[Board "6"]
[White "Paulo, Jemima"]
[Black "Nassr, Ryma"]
[Result "0-1"]
[BlackTitle "WCM"]
[WhiteElo "1754"]
[BlackElo "1509"]
[WhiteTeam "Angola"]
[BlackTeam "Algeria"]
[WhiteFideId "10110836"]
[BlackFideId "7920296"]
[EventDate "2021.09.02"]
[EventType "team"]

1. c4 c5 2. Nc3 Nc6 3. Nf3 Nf6 4. d4 cxd4 5. Nxd4 e5 6. Ndb5 d6 7. Bg5 a6 8. Na3
Be7 9. e3 O-O 10. Be2 Bf5 11. O-O h6 12. Bh4 Ne4 13. Nxe4 Bxe4 14. Bxe7 Qxe7 15.
Bd3 Bxd3 16. Qxd3 Rfd8 17. Rad1 Rd7 18. Qe4 Rad8 19. Rd2 Qe6 20. g4 Ne7 21. Nc2
d5 22. cxd5 Nxd5 23. Re2 Nf6 24. Qf5 Nxg4 25. Qf3 Qg6 26. Kh1 Qh5 27. Qg3 Nxh2
28. Rg1 Ng4+ 29. Kg2 Nf6 30. Kf1 Rd1+ 31. Re1 g6 32. Kg2 Ne4 33. Qf3 Qxf3+ 34.
Kxf3 Ng5+ 35. Kg3 R1d2 36. Rc1 Ne4+ 37. Kf3 Nxf2 38. Ne1 e4+ 39. Kg3 Nd3 40. Ng2
Nxb2 41. Kf4 Rf2+ 42. Kxe4 Na4 43. Nf4 Re8+ 44. Kd3 Rxa2 45. Rc7 Ra3+ 46. Kd2
Raxe3 47. Nd5 Re2+ 48. Kd3 R2e6 49. Nf4 Rd6+ 50. Kc2 Rc6+ 51. Rxc6 bxc6 52. Ra1
Re4 53. Nd3 Rc4+ 54. Kd2 Nc5 55. Ne5 Rd4+ 56. Kc3 Rd6 57. Kc4 Ne4 58. Rxa6 Nd2+
59. Kc3 Ne4+ 60. Kc4 h5 61. Nxc6 Kg7 62. Kb5 Nc3+ 63. Kc5 Re6 64. Ra3 Ne4+ 65.
Kd5 Nf6+ 66. Kc5 h4 67. Nd4 Re5+ 68. Kc6 Rh5 69. Nf3 h3 70. Nh2 g5 71. Rg3 Kg6
72. Rg1 Ne4 73. Kd5 Nc3+ 74. Ke5 f6+ 75. Ke6 Ne2 76. Nf3 Nxg1 77. Nxg1 h2 78.
Nf3 h1=Q 79. Ne5+ fxe5 0-1

[Event "Online Olym Div2 D 2021"]
[Site "chess.com INT"]
[Date "2021.09.04"]
[Round "9.4"]
[Board "1"]
[White "Masiya, Mfundo"]
[Black "Lenic, Luka"]
[Result "0-1"]
[BlackTitle "GM"]
[WhiteElo "1944"]
[BlackElo "2627"]
[WhiteTeam "South Africa"]
[BlackTeam "Slovenia"]
[WhiteFideId "14321114"]
[BlackFideId "14603853"]
[EventDate "2021.09.02"]
[EventType "team"]

1. e4 c5 2. Nf3 Nc6 3. Bb5 e6 4. O-O Nge7 5. Re1 a6 6. Bf1 d5 7. exd5 Nxd5 8.
Nc3 Nf6 9. g3 Be7 10. Bg2 O-O 11. d3 Re8 12. Ne4 Ra7 13. Bf4 Nd5 14. Bd2 b6 15.
c3 Rd7 16. Qe2 a5 17. Rad1 Ba6 18. a3 Nf6 19. Nxf6+ Bxf6 20. Qe4 Bb7 21. Bc1 Nb4
22. Qe2 Nxd3 23. Rf1 Ba6 24. Be3 e5 25. h4 h6 26. Qc2 Qc7 27. Rd2 e4 28. Nh2 Ne5
29. Rfd1 Bd3 30. Qb3 Qc6 31. Bf4 c4 32. Qa2 a4 33. Qa1 Rd5 34. Qc1 Nd7 35. Be3
Be7 36. Bd4 Nc5 37. Bxc5 Bxc5 38. Ng4 Qg6 39. Ne3 Bxe3 40. fxe3 Qxg3 41. Rf2
Qxh4 42. Rf4 Qg3 43. Qd2 Rh5 44. Qe1 Qh2+ 45. Kf2 Rg5 46. Qh1 Qg3+ 47. Kg1 Qxe3+
48. Rf2 Qc5 49. Re1 e3 50. Rf4 e2+ 51. Rf2 Re3 52. Qh4 Re4 53. Qh2 Reg4 54. Qb8+
Kh7 55. Qa8 f5 56. Qf3 Be4 0-1

[Event "Online Olym Div2 D 2021"]
[Site "chess.com INT"]
[Date "2021.09.04"]
[Round "9.4"]
[Board "2"]
[White "Borisek, Jure"]
[Black "Verhoef, Jan-Meyer"]
[Result "1-0"]
[WhiteTitle "GM"]
[WhiteElo "2591"]
[BlackElo "1541"]
[WhiteTeam "Slovenia"]
[BlackTeam "South Africa"]
[WhiteFideId "14603152"]
[BlackFideId "14316439"]
[EventDate "2021.09.02"]
[EventType "team"]

1. e4 e5 2. Nf3 Nc6 3. Bc4 Nf6 4. d3 h6 5. c3 Be7 6. O-O O-O 7. Re1 d6 8. h3 Be6
9. Bxe6 fxe6 10. Nbd2 Nh5 11. Nf1 Nf4 12. d4 exd4 13. cxd4 e5 14. Ng3 Bh4 15.
Nf5 Rxf5 16. exf5 Qf6 17. Bxf4 exf4 18. Qb3+ d5 19. Nxh4 Qxh4 20. Qxb7 Rb8 21.
Qxc6 Rxb2 22. Qe8+ Kh7 23. Qg6+ Kg8 24. Re8# 1-0

[Event "Online Olym Div2 D 2021"]
[Site "chess.com INT"]
[Date "2021.09.04"]
[Round "9.4"]
[Board "3"]
[White "February, Jesse Nikki"]
[Black "Janzelj, Lara"]
[Result "0-1"]
[WhiteTitle "WIM"]
[BlackTitle "WIM"]
[WhiteElo "1857"]
[BlackElo "2186"]
[WhiteTeam "South Africa"]
[BlackTeam "Slovenia"]
[WhiteFideId "14312336"]
[BlackFideId "14608391"]
[EventDate "2021.09.02"]
[EventType "team"]

1. e4 e5 2. Nf3 Nc6 3. Bc4 Nf6 4. d3 h6 5. O-O d6 6. h3 g5 7. Nc3 Bg7 8. Nd5
Nxd5 9. Bxd5 Ne7 10. Bb3 g4 11. Nh4 Bf6 12. Nf5 Nxf5 13. exf5 gxh3 14. Qh5 Qe7
15. Qxh3 Bd7 16. Be3 Bc6 17. Rad1 O-O-O 18. d4 exd4 19. Bxd4 Rdg8 20. Bxf6 Qxf6
21. f3 Bd7 22. Rd5 Rg5 23. f4 Rg7 24. Ra5 Rhg8 25. Bd5 Rg3 26. Qh5 c6 27. Bf3
Kb8 28. Rd1 Qxb2 29. Rxd6 Qb6+ 30. Kh2 Bc8 31. Re5 Qf2 32. Rd1 Rxg2+ 0-1

[Event "Online Olym Div2 D 2021"]
[Site "chess.com INT"]
[Date "2021.09.04"]
[Round "9.4"]
[Board "4"]
[White "Vidic, Teja"]
[Black "Laubscher, Anzel"]
[Result "1-0"]
[WhiteTitle "WIM"]
[BlackTitle "WIM"]
[WhiteElo "2172"]
[BlackElo "1699"]
[WhiteTeam "Slovenia"]
[BlackTeam "South Africa"]
[WhiteFideId "14605511"]
[BlackFideId "14300800"]
[EventDate "2021.09.02"]
[EventType "team"]

1. e4 c5 2. Nf3 d6 3. Bb5+ Bd7 4. Bxd7+ Nxd7 5. O-O g6 6. c3 Bg7 7. d4 e6 8. Re1
Ne7 9. Nbd2 O-O 10. Nf1 a6 11. Bg5 h6 12. Bh4 f6 13. Qb3 d5 14. exd5 exd5 15.
Qxb7 Rb8 16. Qxa6 g5 17. Qe6+ Rf7 18. Bg3 Rxb2 19. a4 Nf8 20. Qd6 Qxd6 21. Bxd6
Neg6 22. Bxc5 Nf4 23. Bb4 Nd3 24. Reb1 Re2 25. Ng3 Rc2 26. a5 Nxf2 27. a6 Ra7
28. Bc5 Ra8 29. a7 Nd3 30. Rb8 1-0

[Event "Online Olym Div2 D 2021"]
[Site "chess.com INT"]
[Date "2021.09.04"]
[Round "9.4"]
[Board "5"]
[White "Khumalo, Keith"]
[Black "Tisaj, Domen"]
[Result "1-0"]
[WhiteTitle "CM"]
[BlackTitle "FM"]
[WhiteElo "2108"]
[BlackElo "2357"]
[WhiteTeam "South Africa"]
[BlackTeam "Slovenia"]
[WhiteFideId "14319470"]
[BlackFideId "14628708"]
[EventDate "2021.09.02"]
[EventType "team"]

1. d4 Nf6 2. c4 e6 3. Nf3 d5 4. g3 Bb4+ 5. Bd2 Be7 6. Qc2 c6 7. Bg2 Nbd7 8. O-O
Ne4 9. Ne1 f5 10. Nd3 O-O 11. f3 Nxd2 12. Nxd2 Bf6 13. e3 e5 14. cxd5 exd4 15.
dxc6 bxc6 16. exd4 Bxd4+ 17. Kh1 Nf6 18. Nb3 Bb6 19. Ne5 Be6 20. Rfd1 Bd5 21.
Nxc6 Qd7 22. Nb4 Qf7 23. Qxf5 Be6 24. Qb5 Rac8 25. Nd4 Bc4 26. Qg5 h6 27. Qh4
Rc5 28. b3 Rh5 29. Qf4 Bc7 30. Qe3 Bxg3 31. bxc4 Re8 32. Qb3 Rxh2+ 33. Kg1 Qh5
34. Rd2 Bf4 35. c5+ Kh8 36. Re2 Rxe2 37. Nxe2 Qxc5+ 38. Kf1 Nh5 39. Nd3 Qd6 40.
Ndxf4 Nxf4 41. Rd1 Qc7 42. Nxf4 Qxf4 43. Rd8+ Kh7 44. Qd3+ 1-0

[Event "Online Olym Div2 D 2021"]
[Site "chess.com INT"]
[Date "2021.09.04"]
[Round "9.4"]
[Board "6"]
[White "Urh, Zala"]
[Black "Marais, Nina"]
[Result "1-0"]
[WhiteTitle "WIM"]
[BlackTitle "WCM"]
[WhiteElo "2234"]
[BlackElo "1697"]
[WhiteTeam "Slovenia"]
[BlackTeam "South Africa"]
[WhiteFideId "14611481"]
[BlackFideId "14306883"]
[EventDate "2021.09.02"]
[EventType "team"]

1. d4 Nf6 2. c4 g6 3. g3 Bg7 4. Bg2 d5 5. cxd5 Nxd5 6. e4 Nb6 7. Ne2 Nc6 8. d5
Ne5 9. O-O O-O 10. Nec3 c6 11. a4 cxd5 12. exd5 Nbc4 13. Nd2 Nd6 14. Nde4 a6 15.
Qe2 Bg4 16. f3 Bf5 17. f4 Bg4 18. Qc2 Qb6+ 19. Kh1 Nec4 20. h3 Bf5 21. g4 Bxe4
22. Nxe4 Rac8 23. Qe2 Rc7 24. Rb1 Rfc8 25. b3 Nxe4 26. Qxe4 Nd6 27. Qe3 Bd4 28.
Qe1 Rc2 29. Bd2 Qa7 30. f5 b5 31. fxg6 hxg6 32. Rc1 bxa4 33. bxa4 Rxc1 34. Bxc1
Nc4 35. Rxf7 Kxf7 36. Qe6+ Kg7 37. Qxc8 Nd6 38. Qe6 Qc7 39. Bf4 Bf6 40. g5 Bd4
41. Be4 Kh8 42. Qxg6 e6 43. Qh6+ Kg8 44. Qxe6+ Kh8 45. Qxd6 Qg7 46. Qd8+ Qg8 47.
Qxg8+ 1-0

[Event "Online Olym Div2 D 2021"]
[Site "chess.com INT"]
[Date "2021.09.04"]
[Round "9.5"]
[Board "1"]
[White "Fier, Alexandr"]
[Black "Rodriguez Vila, Andres"]
[Result "1-0"]
[WhiteTitle "GM"]
[BlackTitle "GM"]
[WhiteElo "2564"]
[BlackElo "2484"]
[WhiteTeam "Brazil"]
[BlackTeam "Uruguay"]
[WhiteFideId "2107139"]
[BlackFideId "3000010"]
[EventDate "2021.09.02"]
[EventType "team"]

1. e4 e6 2. d4 d5 3. Nc3 Bb4 4. exd5 exd5 5. Bd3 Nc6 6. Nf3 Nf6 7. O-O O-O 8. h3
Re8 9. Bg5 Bxc3 10. bxc3 h6 11. Bh4 g5 12. Bg3 Ne4 13. c4 Nxg3 14. fxg3 Be6 15.
cxd5 Bxd5 16. c3 Qd6 17. Kh2 Re3 18. Qd2 Rae8 19. Rae1 Rxe1 20. Nxe1 Be4 21. Nc2
Bxd3 22. Qxd3 Qd5 23. c4 Qe4 24. Qc3 Re7 25. d5 Qe5 26. Qa3 Rd7 27. dxc6 bxc6
28. Ne3 Rd2 29. Ng4 Qe2 30. Rf2 Rd3 31. Nxh6+ Kh7 32. Rxf7+ Kg6 33. Qf8 Qxg2+
34. Kxg2 Rxg3+ 35. Kxg3 1-0

[Event "Online Olym Div2 D 2021"]
[Site "chess.com INT"]
[Date "2021.09.04"]
[Round "9.5"]
[Board "2"]
[White "Roselli Mailhe, Bernardo"]
[Black "El Debs, Felipe de Cresce"]
[Result "1/2-1/2"]
[WhiteTitle "IM"]
[BlackTitle "GM"]
[WhiteElo "2430"]
[BlackElo "2553"]
[WhiteTeam "Uruguay"]
[BlackTeam "Brazil"]
[WhiteFideId "3000028"]
[BlackFideId "2106981"]
[EventDate "2021.09.02"]
[EventType "team"]

1. d4 Nf6 2. c4 e6 3. Nf3 d5 4. Nc3 Be7 5. Bg5 h6 6. Bxf6 Bxf6 7. e3 O-O 8. Qd2
a6 9. Rc1 c6 10. Bd3 Nd7 11. O-O dxc4 12. Bxc4 e5 13. Ne4 exd4 14. Nxf6+ Nxf6
15. Qxd4 Qxd4 16. Nxd4 c5 17. Nb3 b5 18. Be2 c4 19. Na5 Bg4 20. f3 Be6 21. b3
cxb3 22. axb3 Nd5 23. Kf2 Nb4 24. Rfd1 Rfc8 25. e4 Kf8 26. f4 f6 27. Rxc8+ Rxc8
28. Rd4 Nc6 29. Nxc6 Rxc6 30. b4 Ke7 31. Ke3 Rc2 32. Rd2 Rc6 33. Bd3 Rc3 34. Kd4
Rb3 35. Kc5 Rc3+ 36. Kd4 Rb3 37. Kc5 Rc3+ 38. Kd4 1/2-1/2

[Event "Online Olym Div2 D 2021"]
[Site "chess.com INT"]
[Date "2021.09.04"]
[Round "9.5"]
[Board "3"]
[White "Terao, Juliana Sayumi"]
[Black "de Leon, Patricia"]
[Result "1-0"]
[WhiteTitle "FM"]
[BlackTitle "WFM"]
[WhiteElo "2252"]
[BlackElo "2004"]
[WhiteTeam "Brazil"]
[BlackTeam "Uruguay"]
[WhiteFideId "2109220"]
[BlackFideId "3000273"]
[EventDate "2021.09.02"]
[EventType "team"]

1. e4 e6 2. d4 d5 3. exd5 exd5 4. Qf3 Nf6 5. h3 Be7 6. Bd3 Be6 7. Ne2 Nc6 8. c3
Qd7 9. O-O O-O-O 10. b4 h6 11. Ng3 Nh7 12. Re1 Ng5 13. Qd1 Bd6 14. f4 g6 15. Be3
Bxh3 16. gxh3 Qxh3 17. Bf2 Bxf4 18. Bf1 Qh4 19. Qd3 Nh3+ 20. Bxh3+ Qxh3 21. Qf3
h5 22. Qxf4 h4 23. Nf1 Rh5 24. Nbd2 Rf5 25. Qe3 Qg4+ 26. Kh2 Ne7 27. Re2 Rf4 28.
Rae1 Nf5 29. Qh3 Qg5 30. Nf3 Qf6 31. Ne5 Kb8 32. Be3 Nxe3 33. Nxe3 Rf2+ 34. Ng2
Qf4+ 35. Kh1 Rxe2 36. Rxe2 Qf1+ 37. Kh2 Qxe2 38. Nxf7 Rf8 39. Ne5 g5 40. Nd7+
Kc8 41. Nxf8+ Kb8 42. Nd7+ Kc8 43. Nf6+ Kb8 44. Nxd5 Qxa2 45. Ne7 a6 46. Qc8+
Ka7 47. Qxc7 h3 48. Nc6+ Ka8 49. Qb8# 1-0

[Event "Online Olym Div2 D 2021"]
[Site "chess.com INT"]
[Date "2021.09.04"]
[Round "9.5"]
[Board "4"]
[White "Quevedo, Andreina"]
[Black "Alboredo, Julia"]
[Result "0-1"]
[WhiteTitle "WFM"]
[BlackTitle "WFM"]
[WhiteElo "1867"]
[BlackElo "2183"]
[WhiteTeam "Uruguay"]
[BlackTeam "Brazil"]
[WhiteFideId "3004147"]
[BlackFideId "2124807"]
[EventDate "2021.09.02"]
[EventType "team"]

1. e4 c5 2. Nf3 Nc6 3. d4 cxd4 4. Nxd4 Nf6 5. Nc3 d6 6. Be3 Ng4 7. Bg5 Qb6 8.
Nd5 Qxd4 9. Qxd4 Nxd4 10. Nc7+ Kd8 11. Nxa8 Nxc2+ 12. Kd2 Nxa1 13. f3 h6 14. Bh4
g5 15. Bg3 Ne5 16. Be2 b6 17. Rc1 Bb7 18. Nc7 Bg7 19. Nb5 a6 20. Nc3 e6 21. Rxa1
b5 22. a3 Kd7 23. Rc1 Rc8 24. h3 Nc4+ 25. Bxc4 Rxc4 26. b3 Rc7 27. Ne2 Rxc1 28.
Kxc1 d5 29. e5 f6 30. exf6 Bxf6 31. b4 e5 32. Kc2 d4 33. Nc1 e4 34. fxe4 Bxe4+
35. Nd3 Kc6 36. Kd2 Bxg2 37. Nc5 a5 38. Ne6 axb4 39. axb4 Kd5 40. Nc7+ Kc4 41.
Bd6 Bxh3 42. Ne8 Bd8 43. Bc5 Bd7 44. Nd6+ Kd5 45. Nf7 Bc7 46. Nxh6 Kc4 47. Ng8
Bf4+ 48. Ke2 d3+ 49. Kf3 Bc6+ 50. Kf2 d2 51. Ke2 Bf3+ 52. Kxf3 d1=Q+ 53. Ke4
Qd5# 0-1

[Event "Online Olym Div2 D 2021"]
[Site "chess.com INT"]
[Date "2021.09.04"]
[Round "9.5"]
[Board "5"]
[White "De Borba, Gabriel"]
[Black "Vazquez, Facundo"]
[Result "0-1"]
[WhiteTitle "FM"]
[BlackTitle "CM"]
[WhiteElo "2149"]
[BlackElo "2190"]
[WhiteTeam "Brazil"]
[BlackTeam "Uruguay"]
[WhiteFideId "2137968"]
[BlackFideId "3007669"]
[EventDate "2021.09.02"]
[EventType "team"]

1. e4 c5 2. Nf3 Nc6 3. d4 cxd4 4. Nxd4 Nf6 5. Nc3 e5 6. Ndb5 d6 7. a4 a6 8. Na3
Bg4 9. f3 Be6 10. Bg5 Be7 11. Bxf6 Bxf6 12. Bc4 O-O 13. b3 Qa5 14. Qd3 d5 15.
exd5 e4 16. fxe4 Bxc3+ 17. Kf2 Qc5+ 18. Kf1 Bxa1 0-1

[Event "Online Olym Div2 D 2021"]
[Site "chess.com INT"]
[Date "2021.09.04"]
[Round "9.5"]
[Board "6"]
[White "Roepke, Sofia"]
[Black "De Freitas, Isabella Ribeiro Conti"]
[Result "1-0"]
[WhiteElo "1589"]
[BlackElo "1909"]
[WhiteTeam "Uruguay"]
[BlackTeam "Brazil"]
[WhiteFideId "3006360"]
[BlackFideId "2173328"]
[EventDate "2021.09.02"]
[EventType "team"]

1. e4 c5 2. Nf3 e6 3. c3 Nf6 4. Bd3 Nc6 5. Bc2 d6 6. O-O Be7 7. d4 cxd4 8. cxd4
Qc7 9. Nc3 a6 10. h3 O-O 11. Be3 Nb4 12. Bb1 b5 13. a3 Nc6 14. Bc2 Bb7 15. Rc1
Qd7 16. Re1 Rfd8 17. Bf4 Rac8 18. Qe2 Nxd4 19. Nxd4 e5 20. Be3 exd4 21. Bxd4 Re8
22. Rcd1 Qe6 23. Bb1 Qc4 24. Qxc4 Rxc4 25. f3 Rc7 26. Bf2 Nh5 27. Nd5 Bxd5 28.
Rxd5 g6 29. g3 Rec8 30. Kg2 Bf6 31. Rxd6 Bxb2 32. Rxa6 Rc1 33. Bd3 Rxe1 34. Bxe1
Rd8 35. Bxb5 Rd1 36. Bb4 Rc1 37. Rc6 Ra1 38. Bc3 Bxc3 39. Rxc3 Ra2+ 40. Kg1 Nxg3
41. a4 Kg7 42. Rc7 Ne2+ 43. Bxe2 Rxe2 44. a5 Kf6 45. a6 Ra2 46. a7 h5 47. f4 Ke6
48. e5 h4 49. Kf1 Ra4 50. Rc6+ Kd7 51. Rd6+ Ke7 52. Ke2 Rxa7 53. Kf3 Ra4 54. Rf6
Ra3+ 55. Kg4 Rb3 56. Kxh4 Rb4 57. Kg5 Kf8 58. Rc6 Kg7 59. Rc7 Re4 60. Re7 Re3
61. Kg4 Re1 62. Rd7 Rg1+ 63. Kf3 Re1 64. Rd3 Rh1 65. Ke4 Rf1 66. Rd4 Rh1 67. Rd3
Rf1 68. Rf3 Rd1 69. f5 g5 70. Rg3 Kh6 71. e6 Kh5 72. Ke5 fxe6 73. fxe6 Kg6 74.
h4 Re1+ 75. Kd6 Kf6 76. hxg5+ Kg6 77. Kd7 Rd1+ 78. Ke8 Kg7 79. Rf3 Re1 80. Rf6
Re2 81. e7 Re1 82. Kd7 Rd1+ 83. Rd6 1-0